000
00372nam a2200145Ia 4500
008
231129s2002||||xx |||||||||||||| ||spa||
020
_a
958-9249-60-4
040
_b
spa
082
_a
(i) 986.132 S211p
100
_a
Sanchez Arenas Ricardo
245
0
_a
Pereira 1875-1935
260
_c
2002
264
_a
Papiro
942
_2
ddc
_c
BKS
999
_c
22632
_d
22632